Quản lý động vật rừng : Giáo trình Đại học Lâm nghiệp
Trình bày một số kiến thức cơ bản trong nghiên cứu động vật, sinh thái học động vật ứng dụng, điều tra và phát triển động vật rừng
Gardado en:
| Autor Principal: | |
|---|---|
| Formato: | Libro |
| Idioma: | Undetermined |
| Publicado: |
Hà Nội
Nông nghiệp
2009
|
| Những chủ đề: | |
| Các nhãn: |
Engadir etiqueta
Sen Etiquetas, Sexa o primeiro en etiquetar este rexistro!
|
| Thư viện lưu trữ: | Trung tâm Học liệu Trường Đại học Cần Thơ |
|---|
| LEADER | 00906nam a2200217Ia 4500 | ||
|---|---|---|---|
| 001 | CTU_209209 | ||
| 008 | 210402s9999 xx 000 0 und d | ||
| 020 | |c 50000 | ||
| 082 | |a 333.954 | ||
| 082 | |b H523 | ||
| 100 | |a Đỗ, Quang Huy | ||
| 245 | 0 | |a Quản lý động vật rừng : | |
| 245 | 0 | |b Giáo trình Đại học Lâm nghiệp | |
| 245 | 0 | |c Đỗ Quang Huy (Chủ biên), Lê Xuân Cảnh, Lưu Quang Vinh | |
| 260 | |a Hà Nội | ||
| 260 | |b Nông nghiệp | ||
| 260 | |c 2009 | ||
| 520 | |a Trình bày một số kiến thức cơ bản trong nghiên cứu động vật, sinh thái học động vật ứng dụng, điều tra và phát triển động vật rừng | ||
| 650 | |a Wildlife management,Quản lý động vật hoang dã | ||
| 904 | |i Hải | ||
| 980 | |a Trung tâm Học liệu Trường Đại học Cần Thơ | ||